Caricamento...
Annual survey of industries 1963 and 1964.
| Autore principale: | |
|---|---|
| Natura: | Printed Book |
| Pubblicazione: |
Thiruvananthapuram ;
Buraeu of Economics & Statistics,
1963.
|
| Soggetti: |
| LEADER | 00504nam a22001337a 4500 | ||
|---|---|---|---|
| 082 | |a 338.954 83 |b ANN | ||
| 100 | |a Bureau of economics and statistics, | ||
| 245 | |a Annual survey of industries 1963 and 1964. | ||
| 260 | |a Thiruvananthapuram ; |b Buraeu of Economics & Statistics, |c 1963. | ||
| 300 | |a 630p.; | ||
| 650 | |a Economics |v industry | ||
| 942 | |c BK | ||
| 999 | |c 101629 |d 101629 | ||
| 952 | |0 0 |1 0 |4 0 |6 338_954000000000000_83_ANN |7 0 |9 95228 |a SSS |b SSS |c CAS |d 2012-09-10 |l 0 |o 338.954 83 ANN |p SSSMK1563 |r 2012-09-10 |w 2012-09-10 |y BK | ||